[Event "Sparkassen-Open J"]
[Site "Heusenstamm, Martinsee"]
[Date "2023.11.26"]
[Round "5.16"]
[White "Gao, Chen Fan"]
[Black "Kollmer, Otto"]
[Result "1-0"]
[WhiteElo "1208"]
[BlackElo "981"]
[PlyCount "57"]
[EventDate "2023.??.??"]
[WhiteTeam "SC Rotenburg"]
[BlackTeam "VSG 1880 Offenbach"]

1. c4 d5 2. cxd5 Qxd5 3. Nc3 Qd8 4. d3 e5 5. Nf3 Nc6 6. g3 Bb4 7. a3 Ba5 8. b4 Bb6 9. Bg2 Bg4 10. h3 Bh5 11. g4 Bg6 12. b5 Nd4 13. Nxe5 Qe7 14. Nxg6 fxg6 15. Bxb7 Rd8 16. e3 Ba5 17. O-O Bxc3 18. exd4 Bxa1 19. Re1 Bxd4 20. Bc6+ Kf7 21. Rxe7+ Nxe7 22. Qf3+ Kg8 23. Bg5 Rf8 24. Bd5+ Nxd5 25. Qxd5+ Rf7 26. Qxd4 h6 27. Bd2 Kh7 28. Qxa7 Rhf8 29. Be3 1-0

[Event "Sparkassen-Open J"]
[Site "Heusenstamm, Martinsee"]
[Date "2023.11.26"]
[Round "5.17"]
[White "Filis, Leon"]
[Black "Biallas, Flynn"]
[Result "1-0"]
[WhiteElo "1205"]
[BlackElo "988"]
[PlyCount "115"]
[EventDate "2023.??.??"]
[WhiteTeam "SV 1920 Hofheim"]
[BlackTeam "SK Marburg 1931/72"]

1. d4 d5 2. Nc3 Nf6 3. Bf4 a6 4. e3 Bf5 5. f3 c6 6. g4 Bg6 7. h4 h6 8. Bd3 e6 9. Bxg6 fxg6 10. Qd3 Kd7 11. Qxg6 Qe8 12. Qxe8+ Kxe8 13. O-O-O g6 14. Nge2 Kd7 15. g5 hxg5 16. hxg5 Nh5 17. Ng3 Bg7 18. Nxh5 gxh5 19. Rh2 Ke7 20. Rdh1 Rg8 21. Rxh5 Nd7 22. Kd2 Nf8 23. Bg3 Ng6 24. f4 Kf7 25. R5h2 Bf8 26. a3 Bd6 27. Ne2 Rae8 28. Rh7+ Rg7 29. Rxg7+ Kxg7 30. Kd3 Rf8 31. c3 b5 32. Rf1 Bc7 33. f5 Bxg3 34. Nxg3 Nh4 35. fxe6 Rxf1 36. Nxf1 Kf8 37. e4 Ke7 38. exd5 cxd5 39. Ne3 Kxe6 40. Nc2 Nf3 41. Nb4 a5 42. Nc6 Nxg5 43. Nxa5 Kd6 44. Nb3 Nf7 45. Nc5 Nd8 46. a4 bxa4 47. Nxa4 Nb7 48. Nc5 Nxc5+ 49. dxc5+ Kxc5 50. b4+ Kc6 51. Kd4 Kd6 52. b5 Ke6 53. b6 Kd6 54. b7 Kc7 55. Kxd5 Kxb7 56. c4 Kc7 57. Kc5 Kc8 58. Kc6 1-0

[Event "Sparkassen-Open J"]
[Site "Heusenstamm, Martinsee"]
[Date "2023.11.26"]
[Round "5.18"]
[White "Zhang, Mairui"]
[Black "Kostadinov, Emanuel"]
[Result "1/2-1/2"]
[WhiteElo "898"]
[BlackElo "1140"]
[PlyCount "111"]
[EventDate "2023.??.??"]
[WhiteTeam "Sfr.Mainz 1928"]
[BlackTeam "Sfr.1932 Kelkheim"]

1. e4 e5 2. Nf3 Nc6 3. Bc4 Nf6 4. d3 Bc5 5. Bg5 h6 6. Bh4 Be7 7. O-O O-O 8. Re1 d5 9. exd5 Nxd5 10. Bxe7 Ndxe7 11. Nxe5 Nxe5 12. Rxe5 Re8 13. Qe1 c6 14. Nc3 b5 15. Bb3 Bb7 16. a4 b4 17. Na2 a5 18. Qe4 Qd7 19. Re1 c5 20. Rxe7 Bxe4 21. Rxd7 Bxd3 22. Rxe8+ Rxe8 23. h3 c4 24. cxd3 cxb3 25. Nxb4 axb4 26. Rb7 Re2 27. Rxb4 Rxb2 28. a5 Ra2 29. Rxb3 Rxa5 30. d4 Rd5 31. Rd3 Kf8 32. f4 Ke7 33. Kf2 Ke6 34. Ke3 g6 35. Rc3 Kd6 36. Rc8 Kd7 37. Rc5 Rd6 38. d5 Ra6 39. Ke4 f6 40. g4 Ra4+ 41. Ke3 Ra3+ 42. Ke4 Rxh3 43. Rc6 Rh4 44. Rxf6 Rxg4 45. Rf7+ Ke8 46. Rh7 h5 47. Ke5 g5 48. fxg5 Rxg5+ 49. Ke6 Rg8 50. Rxh5 Kd8 51. d6 Re8+ 52. Kd5 Rf8 53. Kc6 Kc8 54. d7+ Kd8 55. Rd5 Rf6+ 56. Kb7 1/2-1/2

[Event "Sparkassen-Open J"]
[Site "Heusenstamm, Martinsee"]
[Date "2023.11.26"]
[Round "5.19"]
[White "Zhang, Hengrui"]
[Black "Kanagaraj, Aarav"]
[Result "1-0"]
[WhiteElo "1113"]
[BlackElo "966"]
[PlyCount "109"]
[EventDate "2023.??.??"]
[WhiteTeam "Sfr.Mainz 1928"]
[BlackTeam "TSV Schott Mainz"]

1. e4 d6 2. d4 Nf6 3. Nc3 g6 4. Nf3 Bg7 5. h3 O-O 6. Bc4 Nxe4 7. Nxe4 d5 8. Bxd5 Qxd5 9. Nc3 Qd6 10. O-O Nc6 11. Nb5 Qd7 12. c3 a6 13. Na3 b5 14. b4 e5 15. Nc2 a5 16. bxa5 Rxa5 17. Bb2 f5 18. dxe5 Nxe5 19. Nxe5 Bxe5 20. Qxd7 Bxd7 21. Rad1 Bc8 22. a3 c5 23. Rd5 Re8 24. Re1 b4 25. Rexe5 Rxe5 26. Rxe5 bxc3 27. Re8+ Kf7 28. Rxc8 cxb2 29. Rb8 c4 30. Rxb2 c3 31. Rb3 Rc5 32. Kf1 Ke6 33. Ke2 Ke5 34. Ke3 g5 35. a4 Kd5 36. Kd3 Ra5 37. Ra3 Kc5 38. Kxc3 h5 39. Nd4 f4 40. Nb3+ Kb6 41. Nxa5 Kxa5 42. Kd3 g4 43. hxg4 hxg4 44. f3 gxf3 45. gxf3 Ka6 46. Ke4 Ka5 47. Kxf4 Kb6 48. a5+ Ka6 49. Ke5 Kb5 50. a6 Kb6 51. a7 Kc5 52. a8=Q Kc4 53. Qd5+ Kb4 54. Qa5+ Kc4 55. Rc3# 1-0

[Event "Sparkassen-Open J"]
[Site "Heusenstamm, Martinsee"]
[Date "2023.11.26"]
[Round "5.20"]
[White "Giegerich, Lenn Valentin"]
[Black "Schmidt, Merle Laureen"]
[Result "0-1"]
[WhiteElo "1064"]
[BlackElo "936"]
[PlyCount "76"]
[EventDate "2023.??.??"]
[WhiteTeam "SC Aschaffenburg e.V."]
[BlackTeam "Sport Union Annen e. V."]

1. e4 c5 2. d4 cxd4 3. c3 d6 4. cxd4 g6 5. Nc3 Bg7 6. Nf3 Nf6 7. Bc4 O-O 8. Bf4 Nc6 9. O-O Bg4 10. h3 Bxf3 11. Qxf3 Nxd4 12. Qd3 Nc6 13. Rfe1 Nh5 14. Bh2 Qb6 15. Rab1 Ne5 16. Bxe5 Bxe5 17. Nd5 Qd8 18. Qb3 b6 19. Re3 e6 20. Nb4 Qd7 21. Rd1 b5 22. Be2 Nf4 23. Bf1 a6 24. g3 Nh5 25. Nd3 Qa7 26. Nxe5 dxe5 27. Be2 Nf6 28. Qc3 Qb8 29. Red3 Nxe4 30. Qc2 Qa7 31. Bf3 Rac8 32. Qe2 Nxg3 33. Qxe5 Nf5 34. Ra3 Rc2 35. b3 Qxf2+ 36. Kh1 Qxf3+ 37. Kg1 Qf2+ 38. Kh1 Qg2# 0-1

[Event "Sparkassen-Open J"]
[Site "Heusenstamm, Martinsee"]
[Date "2023.11.26"]
[Round "5.21"]
[White "Goebel, Johannes"]
[Black "Paul, Jenna"]
[Result "1-0"]
[WhiteElo "1026"]
[BlackElo "930"]
[PlyCount "41"]
[EventDate "2023.??.??"]
[WhiteTeam "SK Marburg 1931/72"]
[BlackTeam "TV-Großostheim 1900 e.V."]

1. e4 e5 2. Nc3 Nf6 3. f4 d6 4. Nf3 Bg4 5. Be2 Nc6 6. d3 Qd7 7. Be3 Be7 8. Qd2 a6 9. O-O-O O-O-O 10. f5 g6 11. fxg6 fxg6 12. Nd5 Nxd5 13. exd5 Bxf3 14. dxc6 Bxc6 15. h3 Kb8 16. Bg4 Qe8 17. Rhf1 Rf8 18. Bg1 h5 19. Be6 g5 20. Qe3 Qg6 21. Qa7# 1-0

[Event "Sparkassen-Open J"]
[Site "Heusenstamm, Martinsee"]
[Date "2023.11.26"]
[Round "5.22"]
[White "Luan, Elena"]
[Black "Nguyen, Minh Anh"]
[Result "0-1"]
[WhiteElo "1026"]
[BlackElo "919"]
[PlyCount "44"]
[EventDate "2023.??.??"]
[WhiteTeam "SV Oberursel"]
[BlackTeam "SV 1920 Hofheim"]

1. e4 d6 2. d4 Nf6 3. Nc3 g6 4. Bg5 Bg7 5. Nf3 Bg4 6. h3 Bxf3 7. Qxf3 Nc6 8. Bb5 O-O 9. Rd1 a6 10. Bc4 b5 11. Bd5 Nxd5 12. Nxd5 Re8 13. c3 Qd7 14. h4 h6 15. Bf4 e5 16. dxe5 Nxe5 17. Qe2 Rab8 18. Bxe5 Bxe5 19. g4 c6 20. Ne3 Qe6 21. Nc2 d5 22. exd5 Bxc3+ 0-1

[Event "Sparkassen-Open J"]
[Site "Heusenstamm, Martinsee"]
[Date "2023.11.26"]
[Round "5.23"]
[White "Vranckx, Gabriel"]
[Black "Wolf, Aurelia"]
[Result "0-1"]
[WhiteElo "910"]
[BlackElo "894"]
[PlyCount "68"]
[EventDate "2023.??.??"]
[WhiteTeam "Sfr.Mainz 1928"]
[BlackTeam "SK Bad Homburg 1927"]

1. e4 e5 2. Nf3 Nc6 3. d4 exd4 4. Nxd4 Nf6 5. Nc3 Bb4 6. Nxc6 dxc6 7. Qxd8+ Kxd8 8. Bg5 Re8 9. Bd3 h6 10. Bxf6+ gxf6 11. O-O Rg8 12. g3 Bh3 13. Rfd1 Ke7 14. a3 Ba5 15. b4 Bb6 16. Re1 Rg5 17. Rad1 Rd8 18. Bf1 Bg4 19. Be2 Bh3 20. a4 a6 21. a5 Ba7 22. Nb1 c5 23. f4 Rgg8 24. Bf1 Bg4 25. Rxd8 Rxd8 26. h3 cxb4+ 27. Kh2 Bh5 28. g4 Bg6 29. f5 Bh7 30. Nd2 Rxd2+ 31. Bg2 Rxc2 32. e5 b3 33. exf6+ Kxf6 34. Rb1 b2 0-1

[Event "Sparkassen-Open J"]
[Site "Heusenstamm, Martinsee"]
[Date "2023.11.26"]
[Round "5.24"]
[White "Kollmer, Karla"]
[Black "Xu, Dorothea Sicheng"]
[Result "0-1"]
[WhiteElo "850"]
[BlackElo "1051"]
[PlyCount "86"]
[EventDate "2023.??.??"]
[WhiteTeam "VSG 1880 Offenbach"]
[BlackTeam "SK Bad Homburg 1927"]

1. e4 e5 2. Nf3 Nc6 3. Bb5 a6 4. Bxc6 bxc6 5. O-O d5 6. d3 Bd6 7. Re1 Nf6 8. Bg5 O-O 9. d4 Re8 10. Qe2 Bg4 11. Bxf6 Qxf6 12. dxe5 Bxe5 13. Nc3 Bxc3 14. bxc3 Qxc3 15. e5 f6 16. Qe3 Qxc2 17. Rac1 Qa4 18. Re2 Bxf3 19. gxf3 Rxe5 20. Qd3 Rxe2 21. Qxe2 Qh4 22. Rxc6 a5 23. a3 Qf4 24. Re6 Qc1+ 25. Kg2 Qxa3 26. Re8+ Rxe8 27. Qxe8+ Qf8 28. Qe6+ Qf7 29. Qc8+ Qf8 30. Qxc7 Qa8 31. Qd6 a4 32. Qa3 Kf7 33. Kf1 Ke6 34. Ke2 Ke5 35. Ke3 d4+ 36. Kd3 Qxf3+ 37. Kd2 Qxa3 38. Kc2 Qc3+ 39. Kd1 a3 40. f4+ Kxf4 41. h4 a2 42. Ke2 a1=R 43. h5 Qc2# 0-1

[Event "Sparkassen-Open J"]
[Site "Heusenstamm, Martinsee"]
[Date "2023.11.26"]
[Round "5.25"]
[White "Zargaran, Paya"]
[Black "Ninnemann, Patrick"]
[Result "0-1"]
[WhiteElo "793"]
[BlackElo "1021"]
[PlyCount "92"]
[EventDate "2023.??.??"]
[WhiteTeam "VSG 1880 Offenbach"]
[BlackTeam "Chess Tigers Schach-Förderverein"]

1. e4 e5 2. Nf3 Nc6 3. Nc3 Nf6 4. Bb5 d6 5. O-O Bd7 6. d3 a6 7. Ba4 h6 8. Be3 g6 9. h3 Bg7 10. a3 O-O 11. d4 Re8 12. d5 Ne7 13. Bxd7 Qxd7 14. Qd2 Kh7 15. Rfd1 Rad8 16. b4 c6 17. Bb6 Rc8 18. Qd3 cxd5 19. exd5 Qf5 20. Qxf5 Nxf5 21. Rd3 Nd7 22. Ba7 b6 23. a4 Ra8 24. Nb5 axb5 25. axb5 e4 26. Rc3 Bxc3 27. Ra2 exf3 28. gxf3 Nd4 29. Kg2 Nxb5 30. Ra4 Rxa7 31. Rxa7 Nxa7 32. Kg3 Bxb4 33. c4 b5 34. cxb5 Nxb5 35. Kf4 Nc3 36. Kg3 Nxd5 37. h4 f5 38. f4 Bd2 39. f3 Bxf4+ 40. Kf2 Nc3 41. Kf1 Re2 42. Kg1 d5 43. Kf1 d4 44. Kg1 d3 45. Kf1 d2 46. Kg1 d1=R# 0-1

[Event "Sparkassen-Open J"]
[Site "Heusenstamm, Martinsee"]
[Date "2023.11.26"]
[Round "5.26"]
[White "Chen, Lilly"]
[Black "Schmidt, Hannes Jakob"]
[Result "1-0"]
[WhiteElo "1370"]
[BlackElo "900"]
[Annotator "Schloessner,Henrik"]
[PlyCount "68"]
[EventDate "2023.??.??"]
[WhiteTeam "Sfr Stiller Zug Wiesbaden"]
[BlackTeam "Sport Union Annen e. V."]

1. Nf3 c5 2. c4 d6 3. e3 Nf6 4. Be2 g6 5. O-O Nc6 6. b3 Bg7 7. Nc3 O-O 8. Bb2 Bg4 9. Nd5 Nxd5 10. Bxg7 Kxg7 11. cxd5 Ne5 12. Nxe5 Bxe2 13. Nxf7 Bxd1 14. Nxd8 Rfxd8 15. Raxd1 Rf8 16. d4 cxd4 17. Rxd4 Rf5 18. Rc1 Raf8 19. f4 g5 20. g3 R5f6 21. Rc7 gxf4 22. exf4 R6f7 23. Rxb7 Kf6 24. Rxa7 e5 25. dxe6 Kxe6 26. Rxf7 Rxf7 27. a4 Rg7 28. a5 h5 29. Kf2 Ra7 30. Ra4 Kd5 31. Ke3 Rb7 32. b4 Kc4 33. Ke4 d5+ 34. Ke3 d4+ {Rest nicht nachvollziehbar (1-0 ca. 55)} 1-0

[Event "Sparkassen-Open J"]
[Site "Heusenstamm, Martinsee"]
[Date "2023.11.26"]
[Round "5.27"]
[White "Faisz, David"]
[Black "Selvaraj, Vibhaakar"]
[Result "1-0"]
[WhiteElo "1161"]
[BlackElo "748"]
[PlyCount "27"]
[EventDate "2023.??.??"]
[WhiteTeam "SK 1926 Ettlingen"]
[BlackTeam "VSG 1880 Offenbach"]

1. e4 e5 2. d4 Nc6 3. d5 Nce7 4. Nf3 Ng6 5. Nc3 Bc5 6. Bc4 d6 7. Be3 N8e7 8. O-O Ng8 9. Bxc5 dxc5 10. Nb5 Rb8 11. d6 c6 12. Nc7+ Kd7 13. h4 Nf4 14. Nxe5# 1-0

[Event "Sparkassen-Open J"]
[Site "Heusenstamm, Martinsee"]
[Date "2023.11.26"]
[Round "5.28"]
[White "Pagnozzi, Luca"]
[Black "Lao, Theodora Siyuan"]
[Result "1-0"]
[WhiteElo "901"]
[BlackElo "1153"]
[PlyCount "87"]
[EventDate "2023.??.??"]
[WhiteTeam "SV 1920 Hofheim"]
[BlackTeam "SK Bad Homburg 1927"]

1. e4 e5 2. Nf3 Nc6 3. Bc4 Nf6 4. Nc3 Bc5 5. d3 h6 6. O-O d6 7. h3 O-O 8. Be3 Bb6 9. Qd2 Bxe3 10. fxe3 Be6 11. Bb3 Qd7 12. d4 Rad8 13. d5 Na5 14. dxe6 Nxb3 15. exd7 Nxd2 16. Nxd2 Rxd7 17. Nd5 Nxd5 18. exd5 c6 19. e4 cxd5 20. exd5 Rc8 21. c4 a6 22. b3 b5 23. cxb5 axb5 24. Rac1 Rdc7 25. Rxc7 Rxc7 26. Ne4 Rc2 27. Rf2 Rxf2 28. Kxf2 f5 29. Nxd6 g6 30. Nxb5 Kf7 31. a4 Ke7 32. Nc3 Kd6 33. a5 Kc5 34. b4+ Kxb4 35. a6 Kxc3 36. a7 Kd4 37. a8=Q Kc4 38. d6 Kc5 39. d7 Kd4 40. d8=R+ Kc5 41. Qc8+ Kb6 42. Rd7 Kb5 43. Rb7+ Ka5 44. Qa8# 1-0

[Event "Sparkassen-Open J"]
[Site "Heusenstamm, Martinsee"]
[Date "2023.11.26"]
[Round "5.29"]
[White "Glavev, Victor"]
[Black "Gadela, Kundana"]
[Result "1-0"]
[WhiteElo "1139"]
[BlackElo "799"]
[PlyCount "73"]
[EventDate "2023.??.??"]
[WhiteTeam "SK Bad Homburg 1927"]
[BlackTeam "SV 1920 Hofheim"]

1. e4 g6 2. Nc3 Bg7 3. Bc4 e6 4. d3 c5 5. Be3 Qa5 6. Bd2 b6 7. Nb5 Qa4 8. Nc7+ Kf8 9. Nxa8 Qc6 10. Nxb6 Qxb6 11. b3 Bxa1 12. Qxa1 f6 13. Nf3 d5 14. exd5 exd5 15. Bxd5 Be6 16. c4 Bg4 17. h3 Bxf3 18. Bxf3 Qe6+ 19. Be3 Na6 20. Bd5 Qe5 21. Qc1 Nb4 22. O-O Nxd3 23. Qa3 Ne7 24. Rd1 Qb2 25. Bh6+ Ke8 26. Qa4+ Kd8 27. Be4 Qxf2+ 28. Kh2 Qd4 29. Rxd3 f5 30. Rxd4+ cxd4 31. Qxa7 fxe4 32. Qxd4+ Kc7 33. Qxh8 Nf5 34. Qxh7+ Kc6 35. Qxg6+ Nd6 36. Bf4 Kc5 37. Qxd6# 1-0

[Event "Sparkassen-Open J"]
[Site "Heusenstamm, Martinsee"]
[Date "2023.11.26"]
[Round "5.31"]
[White "Schwab, Berenike"]
[Black "Staudt, Merle"]
[Result "1-0"]
[WhiteElo "859"]
[BlackElo "965"]
[PlyCount "59"]
[EventDate "2023.??.??"]
[WhiteTeam "SC Aschaffenburg e.V."]
[BlackTeam "SV Mülheim-Nord 1931 e"]

1. e4 d5 2. Nc3 dxe4 3. Nxe4 e5 4. Bc4 Nc6 5. d3 Be7 6. Nf3 Nf6 7. Nc3 Bg4 8. h3 Bh5 9. Qe2 Nd4 10. Qd1 O-O 11. Be3 Nxf3+ 12. gxf3 Qd7 13. Rg1 Rfd8 14. Qd2 Qxh3 15. O-O-O Qxf3 16. Bh6 g6 17. Kb1 Qc6 18. Rde1 Ng4 19. Rg3 Bc5 20. f3 Bf2 21. Rxg4 Bxe1 22. Qxe1 Bxg4 23. fxg4 Re8 24. Qf1 Re7 25. a3 Qb6 26. Nd5 Qd4 27. Nxe7+ Kh8 28. Qxf7 Qg1+ 29. Ka2 Qxg4 30. Qg7# 1-0

[Event "Sparkassen-Open J"]
[Site "Heusenstamm, Martinsee"]
[Date "2023.11.26"]
[Round "6.2"]
[White "Hasenpflug, Till"]
[Black "Gao, Chenzhuo (Jonathan)"]
[Result "1/2-1/2"]
[WhiteElo "1350"]
[BlackElo "1301"]
[PlyCount "62"]
[EventDate "2023.??.??"]
[WhiteTeam "SK Bad Homburg 1927"]
[BlackTeam "SC Rotenburg"]

1. e4 b6 2. g3 Bb7 3. Bg2 e6 4. d4 d6 5. Be3 Ne7 6. Nd2 g6 7. Ne2 Bg7 8. O-O h6 9. Nb3 Nd7 10. Qd2 a6 11. c3 g5 12. f4 gxf4 13. Nxf4 Nf6 14. Qe2 Rg8 15. Rf2 Bxe4 16. Nh5 Bxg2 17. Nxf6+ Bxf6 18. Kxg2 Nf5 19. Bf4 Qe7 20. Re1 Kf8 21. Qh5 Bg5 22. Qf3 Rb8 23. Qd3 a5 24. Bxg5 Qxg5 25. Nd2 Rg7 26. Ne4 Qg6 27. Kf1 d5 28. Nd2 Kg8 29. Ke2 Qg4+ 30. Nf3 c5 31. Kd2 c4 1/2-1/2

[Event "Sparkassen-Open J"]
[Site "Heusenstamm, Martinsee"]
[Date "2023.11.26"]
[Round "6.3"]
[White "Shanawaz Thabrez, Shahzaib"]
[Black "Shanmuganathan, Adhav"]
[Result "1-0"]
[WhiteElo "1463"]
[BlackElo "1141"]
[PlyCount "59"]
[EventDate "2023.??.??"]
[WhiteTeam "SK Langen"]
[BlackTeam "SV 1934 Ffm-Griesheim"]

1. e4 e5 2. Nf3 Nc6 3. Bc4 Bc5 4. b4 Bxb4 5. c3 Bc5 6. d4 exd4 7. cxd4 Bb4+ 8. Bd2 Bxd2+ 9. Nbxd2 d6 10. d5 Ne5 11. Nxe5 dxe5 12. O-O Nf6 13. f4 exf4 14. Rxf4 O-O 15. Qf3 c6 16. Nf1 Be6 17. Rd1 Bd7 18. dxc6 bxc6 19. Ne3 Qe7 20. Bd3 Ne8 21. Nf5 Bxf5 22. Rxf5 Nd6 23. Rh5 Rfe8 24. e5 Nb5 25. Bxh7+ Kf8 26. Be4 Kg8 27. Rh8+ Kxh8 28. Qh5+ Kg8 29. Qh7+ Kf8 30. Qh8# 1-0

[Event "Sparkassen-Open J"]
[Site "Heusenstamm, Martinsee"]
[Date "2023.11.26"]
[Round "6.4"]
[White "Lukas, Olivia"]
[Black "Wolf, Noah"]
[Result "0-1"]
[WhiteElo "1240"]
[BlackElo "1567"]
[PlyCount "72"]
[EventDate "2023.??.??"]
[WhiteTeam "SF Deizisau"]
[BlackTeam "Vorw.Orient Mainz"]

1. e4 c5 2. c3 e5 3. Nf3 Nc6 4. Bc4 g6 5. d3 Nge7 6. Bg5 Bg7 7. O-O O-O 8. d4 cxd4 9. cxd4 exd4 10. Re1 d6 11. h3 Be6 12. Bd5 Qb6 13. Qb3 Nxd5 14. exd5 Qxb3 15. axb3 Bxd5 16. Nbd2 h6 17. Bf4 Rfd8 18. Ra4 Rac8 19. b4 a6 20. Kf1 Rd7 21. Bh2 Na7 22. Ke2 Rc2 23. Kd3 Rxb2 24. Re8+ Kh7 25. Ne4 Bxe4+ 26. Rxe4 Rxf2 27. Re2 Rxe2 28. Kxe2 Nb5 29. Kd3 Rc7 30. Ra1 f5 31. Bf4 Rc3+ 32. Kd2 Rb3 33. Ra4 Nc3 34. Ra1 Rxb4 35. Bxd6 Ne4+ 36. Kd3 Nxd6 0-1

[Event "Sparkassen-Open J"]
[Site "Heusenstamm, Martinsee"]
[Date "2023.11.26"]
[Round "6.5"]
[White "Nain, Medhansh"]
[Black "Nguyen, Minh An"]
[Result "1-0"]
[WhiteElo "1283"]
[BlackElo "1411"]
[PlyCount "73"]
[EventDate "2023.??.??"]
[WhiteTeam "SK Bickenbach"]
[BlackTeam "SV 1920 Hofheim"]

1. e4 d6 2. d4 Nf6 3. Nc3 g6 4. Nf3 Bg7 5. Be2 O-O 6. O-O e5 7. Bg5 Nc6 8. Qd2 Bg4 9. d5 Ne7 10. h3 Bd7 11. Bh6 Ne8 12. Bxg7 Kxg7 13. Nd1 f5 14. exf5 Bxf5 15. Ne3 h6 16. Nxf5+ Nxf5 17. Bd3 Qf6 18. Rfe1 Kh7 19. c4 a5 20. c5 Nh4 21. Nxh4 Qxh4 22. cxd6 cxd6 23. Qc2 Qf6 24. Rac1 Rd8 25. Bb5 Rf7 26. Re3 Rc8 27. Qxc8 Qxf2+ 28. Kh1 Qxe3 29. Bxe8 Re7 30. Rc7 Qe1+ 31. Kh2 Rxc7 32. Qxc7+ Kg8 33. Qxd6 Qe4 34. Qe6+ Kg7 35. Qf7+ Kh8 36. Qf6+ Kh7 37. d6 1-0

[Event "Sparkassen-Open J"]
[Site "Heusenstamm, Martinsee"]
[Date "2023.11.26"]
[Round "6.6"]
[White "Will, Elina"]
[Black "Riazi, Dominik"]
[Result "1-0"]
[WhiteElo "1325"]
[BlackElo "997"]
[PlyCount "81"]
[EventDate "2023.??.??"]
[WhiteTeam "TuS Makkabi Wiesbaden"]
[BlackTeam "SK Bad Homburg 1927"]

1. e4 e5 2. Nf3 Nc6 3. d4 exd4 4. Nxd4 Nf6 5. Nc3 Bb4 6. Nxc6 bxc6 7. Bd3 d5 8. exd5 cxd5 9. O-O O-O 10. Qf3 Bb7 11. a3 Bc5 12. Na4 Bd6 13. h3 Qd7 14. Nc3 Rab8 15. Qe2 Rfe8 16. Qd1 Qc6 17. Bb5 Qb6 18. Bxe8 Rxe8 19. Be3 Qc6 20. Bd4 Bc5 21. f3 Ba6 22. Rf2 Qb6 23. Bxc5 Qxc5 24. Qd2 d4 25. Na4 Qc6 26. Qxd4 Qb5 27. Rd1 Bb7 28. Qb4 Qc6 29. Nc3 Ra8 30. Rfd2 a5 31. Rd8+ Ne8 32. Qe7 h6 33. Rxa8 Bxa8 34. Rd8 Qb6+ 35. Kh1 Bc6 36. Rxe8+ Bxe8 37. Qxe8+ Kh7 38. Qxf7 Qxb2 39. Ne4 Qxa3 40. Nf6+ Kh8 41. Qg8# 1-0

[Event "Sparkassen-Open J"]
[Site "Heusenstamm, Martinsee"]
[Date "2023.11.26"]
[Round "6.7"]
[White "Avhopulo, Kirill"]
[Black "Kovacs, Adam"]
[Result "1/2-1/2"]
[WhiteElo "1411"]
[BlackElo "1068"]
[PlyCount "49"]
[EventDate "2023.??.??"]
[WhiteTeam "SK Marburg 1931/72"]
[BlackTeam "SK Gründau"]

1. d4 e6 2. c4 d5 3. Nc3 Nf6 4. Nf3 Bd6 5. e3 c6 6. c5 Bc7 7. Bd3 Nbd7 8. O-O b6 9. cxb6 axb6 10. b3 Ba6 11. Qe2 Bxd3 12. Qxd3 O-O 13. a4 Re8 14. Ba3 e5 15. Qc2 Qb8 16. h3 e4 17. Ne1 Bd6 18. Bxd6 Qxd6 19. Qb2 Nb8 20. Nc2 Na6 21. Qa3 Qxa3 22. Rxa3 Rac8 23. Rc1 Re7 24. Ne2 Rec7 25. Raa1 1/2-1/2

[Event "Sparkassen-Open J"]
[Site "Heusenstamm, Martinsee"]
[Date "2023.11.26"]
[Round "6.8"]
[White "Noll, Raphael"]
[Black "Wolf, Helena"]
[Result "1/2-1/2"]
[WhiteElo "1387"]
[BlackElo "1188"]
[PlyCount "71"]
[EventDate "2023.??.??"]
[WhiteTeam "SK Marburg 1931/72"]
[BlackTeam "SK Bad Homburg 1927"]

1. e4 e5 2. Nf3 d6 3. Nc3 Nf6 4. Be2 Be7 5. d3 O-O 6. O-O Nbd7 7. Be3 c6 8. d4 Re8 9. dxe5 Nxe5 10. Nxe5 dxe5 11. Qxd8 Rxd8 12. Rad1 Bd7 13. Bg5 Be6 14. Bh4 Re8 15. Bg3 Nd7 16. Rd2 Bg5 17. Rd6 Be7 18. Rd2 Bg5 19. Rdd1 Rad8 20. h4 Bf6 21. Rd2 Nc5 22. Rfd1 Rxd2 23. Rxd2 Rc8 24. f3 b6 25. Bf2 Nb7 26. g3 Na5 27. b3 Be7 28. Nd1 Nb7 29. Nb2 Nc5 30. Nc4 f6 31. Be3 Rc7 32. Kf2 Rd7 33. Rxd7 Bxd7 34. Ke1 Kf7 35. c3 Ke8 36. Kd2 1/2-1/2

[Event "Sparkassen-Open J"]
[Site "Heusenstamm, Martinsee"]
[Date "2023.11.26"]
[Round "6.9"]
[White "Kesavan, Sarvesh"]
[Black "Zhang, Hengrui"]
[Result "0-1"]
[WhiteElo "1482"]
[BlackElo "1113"]
[PlyCount "98"]
[EventDate "2023.??.??"]
[WhiteTeam "SK Bad Homburg 1927"]
[BlackTeam "Sfr.Mainz 1928"]

1. e4 e6 2. d4 d5 3. exd5 exd5 4. Bd3 Bd6 5. Nc3 c6 6. Nf3 Bg4 7. Bd2 h6 8. h3 Bxf3 9. Qxf3 Nf6 10. a3 O-O 11. O-O Nbd7 12. Nd1 Nb6 13. Ne3 Re8 14. Rfe1 Ne4 15. Bxe4 Rxe4 16. c3 Rf4 17. Qd1 Re4 18. Ng4 Qe7 19. Rxe4 Qxe4 20. Qe1 Qxe1+ 21. Rxe1 Nc4 22. Bc1 a5 23. b3 Nxa3 24. Bxa3 Bxa3 25. Ne5 Bb2 26. Re3 a4 27. Nd3 a3 28. Nxb2 axb2 29. Re1 Ra1 30. Kf1 Rxe1+ 31. Kxe1 b1=Q+ 32. Kd2 Qxb3 33. f4 Qb2+ 34. Kd3 Qxg2 35. h4 Qf3+ 36. Kc2 Qxf4 37. h5 Qf5+ 38. Kb3 Qxh5 39. Kb4 Qf5 40. Kc5 Qd7 41. Kb6 h5 42. Kc5 h4 43. Kb6 h3 44. Kc5 h2 45. Kb6 h1=Q 46. Kc5 Qc1 47. Kb6 Qb2+ 48. Ka7 Qc7 49. Ka8 Qa3# 0-1

[Event "Sparkassen-Open J"]
[Site "Heusenstamm, Martinsee"]
[Date "2023.11.26"]
[Round "6.10"]
[White "Li, Xiao Teng"]
[Black "Goebel, Johannes"]
[Result "1-0"]
[WhiteElo "1247"]
[BlackElo "1026"]
[PlyCount "115"]
[EventDate "2023.??.??"]
[WhiteTeam "SK Bad Homburg 1927"]
[BlackTeam "SK Marburg 1931/72"]

1. e4 e5 2. Nf3 Nc6 3. d4 exd4 4. Bc4 Nf6 5. e5 d5 6. Bb5 Ne4 7. Nxd4 Bd7 8. Bxc6 bxc6 9. c3 Qh4 10. Be3 Bc5 11. Nf3 Qe7 12. O-O Bxe3 13. fxe3 O-O 14. Nbd2 Rab8 15. Rb1 f6 16. exf6 Rxf6 17. Nxe4 dxe4 18. Nd4 Rbf8 19. Qb3+ Qf7 20. Rxf6 gxf6 21. Qxf7+ Rxf7 22. b4 Rf8 23. Rf1 Kf7 24. Rf4 Re8 25. Kf1 Re5 26. h4 h5 27. Ke1 c5 28. bxc5 Rxc5 29. Kd2 f5 30. Kc2 Ke8 31. Kb3 Bc8 32. Kb4 Re5 33. Nc6 a6 34. Nxe5 Ke7 35. Nc6+ Kd6 36. Nd4 c5+ 37. Ka5 cxd4 38. cxd4 Kc6 39. Rf1 Kd5 40. Rc1 Be6 41. Kxa6 Kd6 42. g3 Bxa2 43. Rc8 Ke6 44. Rh8 Bc4+ 45. Kb6 Be2 46. Kc5 Bg4 47. Kc6 f4 48. d5+ Ke7 49. d6+ Kf6 50. gxf4 Kg7 51. Rb8 Kf6 52. d7 Bxd7+ 53. Kxd7 Kf5 54. Rf8+ Kg6 55. f5+ Kg7 56. Ke7 Kh7 57. Kf7 Kh6 58. Rh8# 1-0

[Event "Sparkassen-Open J"]
[Site "Heusenstamm, Martinsee"]
[Date "2023.11.26"]
[Round "6.11"]
[White "Schmidt, Merle Laureen"]
[Black "Kim, David"]
[Result "0-1"]
[WhiteElo "936"]
[BlackElo "1240"]
[PlyCount "80"]
[EventDate "2023.??.??"]
[WhiteTeam "Sport Union Annen e. V."]
[BlackTeam "SV 1920 Hofheim"]

1. e4 c5 2. Nf3 d6 3. d4 cxd4 4. Nxd4 e5 5. Nf3 Nf6 6. Nc3 h6 7. Bc4 Nc6 8. O-O Bg4 9. Be3 Be7 10. h3 Bh5 11. Be2 O-O 12. Nh4 Bxe2 13. Qxe2 Nxe4 14. Nxe4 Bxh4 15. Qg4 Kh8 16. Qe2 Be7 17. Rad1 Qc7 18. Rd2 Rad8 19. Qc4 Rd7 20. Qc3 d5 21. Nc5 d4 22. Qc4 Bxc5 23. Qxc5 Rfd8 24. Bxh6 gxh6 25. Re1 Rd5 26. Qa3 Qd7 27. Red1 Qd6 28. Qf3 Qg6 29. c3 e4 30. Qf4 d3 31. Kh1 f6 32. Re1 Qg5 33. Qxg5 hxg5 34. Kh2 Re8 35. g3 Rd7 36. Re3 Ne5 37. f4 Nf3+ 38. Rxf3 exf3 39. fxg5 Re2+ 40. Rxe2 fxe2 0-1